000 00391nam a2200157 a 4500
005 20140412111313.0
008 010416s19uu xx 00 eng d
020 _a983-9556-99-1
050 _aM 398.8
_bC536 1991
245 _aChildren's rhymes.
260 _aMalaysia :
_bMecron,
_c1991.
300 _a1 v. (unp.) ; ill.
440 _aLamina Series
650 _aTitle
999 _c104116
_d104116